000 00727nam a22002057a 4500
999 _c58576
_d58576
003 Ge_BSU
005 20220606135327.0
008 220606s2021 ge ||||| |||| 00| 0 geo d
020 _a978994196992
041 _ageo
080 _a1 მ-97
100 _aმშვენიერაძე, ნინო
_913991
245 _aიმანუელ კანტის ანთროპოლოგია /
_cნინო მშვენიერაძე.
264 _aთბილისი :
_bCarpe diem,
_c2021.
300 _a220 გვ.;
_b20 სმ.
504 _aბიბლიოგრ. გვ. 219-220
653 _aფილოსოფია
653 _aიმანუელ კანტი
942 _2udc
_cBK